000 00859nam a2200229Ii 4500
003 JO-AjNU
008 230605s9999||||xx |||||||||||||| ||und||
017 _a2012/10/2721
020 _a978-9957-92-019-7
040 _aJO-AjNU
_bara
_erda
_cJO-AjNU
041 _aara
050 1 4 _aHG4521 2013
100 3 _aتاليف: Wiedemer,John P / Joseph E.Goeters/ J.Edward Graham؛ ترجمة محمد داود عثمان,
_eauthor
_943243
245 0 0 _aالاستثمار العقاري = Real Estate Investment
250 _aط1
264 3 1 _aعمان: دار الفكر ناشرون وموزعون، 2013
300 _a479ص
_bيحتوي على مسرد مصطلحات من457-479ص
336 _atext
_btxt
_2rdacontent
337 _aunmediated
_bn
_2rdamedia
338 _avolume
_bnc
_2rdacarrier
650 4 _aالاستثمار- العقارات
_943244
999 _aA18577
_c22145
_d22145